Sanyo-Himeji - Kintetsu-Nara Stations, Japan - Statistics

General Stats
  • This quiz has been taken 6 times
  • The average score is 52 of 106
Answer Stats
Hint Answer % Correct
HS-41 Osaka-Namba
100%
SY-02 Itayado
80%
A-28 Kintetsu-Nara
80%
HS-32 Kobe-Sannomiya
80%
HS-14 Koshien
80%
SY-17 Sanyo-Akashi
80%
SY-43 Sanyo-Himeji
80%
SY-40 Shikama
80%
HS-09 Amagasaki
60%
HS-11 Amagasaki-Centerpool-Mae
60%
HS-20 Ashiya
60%
SY-28 Befu
60%
HS-37 Daikai
60%
HS-08 Daimotsu
60%
HS-49 Dekijima
60%
HS-10 Deyashiki
60%
HS-43 Dome-Mae
60%
HS-21 Fukae
60%
A-06 Fuse
60%
A-20 Gakuenmae
60%
SY-25 Higashi-Futami
60%
SY-16 Hitomarumae
60%
A-17 Ikoma
60%
HS-16 Imazu
60%
SY-41 Kameyama
60%
HS-31 Kasuganomichi
60%
HS-18 Koroen
60%
HS-35 Kosoku-Kobe
60%
HS-38 Kosoku-Nagata
60%
HS-44 Kujo
60%
SY-13 Maiko-Koen
60%
HS-25 Mikage
60%
HS-12 Mukogawa
60%
SY-01HS-39 Nishidai
60%
HS-45 Nishi-Kujo
60%
HS-17 Nishinomiya
60%
A-03 Osaka-Uehommachi
60%
SY-35 Oshio
60%
SY-06 Sanyo-Suma
60%
SY-11 Sanyo-Tarumi
60%
HS-36 Shinkaichi
60%
HS-27 Shinzaike
60%
SY-38 Shirahamanomiya
60%
SY-05 Sumadera
60%
SY-07 Sumaura-Koen
60%
HS-24 Sumiyoshi
60%
SY-31 Takasago
60%
SY-09 Takinochaya
60%
SY-42 Tegara
60%
A-04 Tsuruhashi
60%
HS-23 Uozaki
60%
SY-32 Arai
40%
HS-46 Chidoribashi
40%
HS-47 Dempo
40%
SY-22 Eigashima
40%
SY-20 Fujie
40%
HS-48 Fuku
40%
SY-29 Hamanomiya
40%
SY-27 Harimacho
40%
SY-19 Hayashisakimatsuekaigan
40%
A-12 Higashi-Hanazono
40%
A-18 Higashi-Ikoma
40%
SY-03 Higashi-Suma
40%
SY-10 Higashi-Tarumi
40%
A-13 Hyotanyama
40%
SY-33 Iho
40%
A-05 Imazato
40%
A-16 Ishikiri
40%
HS-26 Ishiyagawa
40%
HS-30 Iwaya
40%
A-11 Kawachi-Hanazono
40%
A-02 Kintetsu-Nippombashi
40%
HS-15 Kusugawa
40%
SY-36 Matogata
40%
SY-39 Mega
40%
HS-33 Motomachi
40%
SY-21 Nakayagi
40%
SY-23 Nishi-Eigashima
40%
SY-26 Nishi-Futami
40%
SY-14 Nishi-Maiko
40%
HS-34 Nishi-Motomachi
40%
HS-29 Nishinada
40%
SY-18 Nishi-Shimmachi
40%
HS-22 Ogi
40%
HS-28 Oishi
40%
SY-15 Okuradani
40%
SY-30 Onoenomatsu
40%
HS-42 Sakuragawa
40%
SY-08 Sanyo-Shioya
40%
SY-24 Sanyo-Uozumi
40%
SY-04 Tsukimiyama
40%
HS-19 Uchide
40%
SY-37 Yaka
40%
A-26 Yamato-Saidaiji
40%
A-21 Ayameike
20%
A-14 Hiraoka
20%
SY-12 Kasumigaoka
20%
A-07 Kawachi-Eiwa
20%
A-08 Kawachi-Kosaka
20%
HS-13 Naruo・Mukogawajoshidaimae
20%
A-15 Nukata
20%
SY-34 Sanyo-Sone
20%
A-27 Shin-Omiya
20%
A-19 Tomio
20%
A-10 Wakae-Iwata
20%
A-09 Yaenosato
20%
No matching quizzes found
Score Distribution
Percent of People with Each Score
Percentile by Number Answered
Your Score History
You have not taken this quiz